Sports Quiz

Random Sports Quiz
Score 0/11 Timer 01:00
0 Plays Today
Position Player % Correct
DFVan Dijk
93.9%
DFRobertson
92.9%
FWSalah
91.9%
GKAlisson
89.9%
MFHenderson
88.9%
FWFirmino
88.9%
FWMane
88.9%
DFAlexander Arnold
86.9%
DFGomez
83.8%
MFFabinho
82.8%
MFWijnaldum
78.8%
Come Together.
Have Fun.
All Virtual.
We all need to come together. Play Sporcle's virtual live trivia to have fun, connect with people, and get your trivia on. Join a live hosted trivia game for your favorite pub trivia experience done virtually. If a virtual private party is more your thing, go here for details.

You're not logged in!

Compare scores with friends on all Sporcle quizzes.
OR
Log In

Sporcle TV

Today on Sporcle TV


Watch our educational content, quiz creation guides, and fun videos on Sporcle TV.

Show Comments

Extras

Created Feb 20, 2020ReportNominate
Tags:2010, Liverpool

Top Quizzes Today


Score Distribution

Paid Content

Your Account Isn't Verified!

In order to create a playlist on Sporcle, you need to verify the email address you used during registration. Go to your Sporcle Settings to finish the process.

Report this User

Report this user for behavior that violates our Community Guidelines.

Details: